MARC

LEADER 00000nam0a2200000 4500
001 135728
005 20231031140215.0
010 |a 3540679626 
035 |a (RuTPU)RU\TPU\book\147092 
090 |a 135728 
100 |a 20080414d2003 k y0engy50 ba 
101 0 |a eng 
102 |a DE 
105 |a a z 001zy 
200 1 |a Early Warning Systems for Natural Disaster Reduction  |f editors J. Zschau, A. Kuppers 
210 |a Berlin  |c Springer  |d 2003 
215 |a 834 p.  |c il. 
320 |a Библиография в конце глав. 
610 1 |a геология 
610 1 |a геофизика 
610 1 |a геофизические приборы 
610 1 |a геофизическое оборудование 
610 1 |a сигнальные системы 
610 1 |a измерительные приборы 
610 1 |a природные катаклизмы 
610 1 |a предупреждение 
610 1 |a мониторинг 
610 1 |a регистрация 
610 1 |a природные риски 
610 1 |a сокращение 
610 1 |a метрологические приборы 
610 1 |a сейсмические приборы 
610 1 |a английский язык 
675 |a 550.83.07  |v 3 
702 1 |a Zschau  |b J.  |g Jochen  |4 340 
702 1 |a Kuppers  |b A.  |g Andreas  |4 340 
801 1 |a RU  |b 63413507  |c 20080414  |g PSBO 
801 2 |a RU  |b 63413507  |c 20080729  |g PSBO 
942 |c BK